Small Area Estimation in Survey Sampling (Record no. 934)
[ view plain ]
| 000 -LEADER | |
|---|---|
| fixed length control field | 00329 a2200109 4500 |
| 020 ## - INTERNATIONAL STANDARD BOOK NUMBER | |
| International Standard Book Number | 8173192200 |
| 082 ## - DEWEY DECIMAL CLASSIFICATION NUMBER | |
| Classification number | 519.52 MUK |
| 100 ## - MAIN ENTRY--PERSONAL NAME | |
| Personal name | Mukhopadhyay, Parimal |
| 245 ## - TITLE STATEMENT | |
| Title | Small Area Estimation in Survey Sampling |
| Statement of responsibility, etc. | Parimal Mukhopadhyay |
| 260 ## - PUBLICATION, DISTRIBUTION, ETC. | |
| Place of publication, distribution, etc. | London : |
| Name of publisher, distributor, etc. | Narosa Publishing House, |
| Date of publication, distribution, etc. | 1998 |
| 300 ## - PHYSICAL DESCRIPTION | |
| Extent | xi, 230p. : |
| Other physical details | ill. ; |
| Dimensions | 21 cm |
| 650 ## - SUBJECT ADDED ENTRY--TOPICAL TERM | |
| Topical term or geographic name entry element | Survey Sampling |
| Withdrawn status | Lost status | Damaged status | Not for loan | Permanent Location | Current Location | Shelving location | Date acquired | Total Checkouts | Full call number | Barcode | Date last seen | Price effective from | Koha item type |
|---|---|---|---|---|---|---|---|---|---|---|---|---|---|
| School of Civil and Environmental Engineering (SCEE) | School of Civil and Environmental Engineering (SCEE) | 519.52 MUK | NIT-6772 | 01/05/2017 | 01/05/2017 | Book |
